000 00617nam a22002057a 4500
003 KOHA_MİRAKIL
005 20260408094240.0
008 260408b tu ||||| |||| 00| 0 tur d
020 _a9786058693326
040 _aTR-AnABB
_btur
_cTR-AnABB
041 _atur
082 _a306.209561
_bBES 1990
100 1 _aBeşikci, İsmail
245 1 0 _aBilim resmi ideoloji devlet-demokrasi ve Kürt sorunu /
_cİsmail Beşikçi
260 _aİstanbul :
_bAlan Yayınları,
_c1990
300 _a176 sayfa ;
_c20 cm
650 0 4 _aSiyaset sosyolojisi
900 _bCan ÇELIK
942 _2ddc
_cBK
999 _c10181
_d10181